[Event "Voronezh Rating op 03-B"]
[Site "Voronezh"]
[Date "2014.03.27"]
[Round "5"]
[White "Bocharov, Oleg"]
[Black "Leun, Victor"]
[Result "1/2-1/2"]
[WhiteElo "1923"]
[BlackElo "1849"]
[PlyCount "84"]
[EventDate "2014.03.20"]
[EventType "swiss"]
[EventRounds "9"]
[EventCountry "RUS"]
[SourceTitle "EXT 2015"]
[Source "ChessBase"]
[SourceDate "2014.11.20"]
[SourceVersion "1"]
[SourceVersionDate "2014.11.20"]
[SourceQuality "1"]

1. d4 Nf6 2. c4 g6 3. Nc3 Bg7 4. e4 d6 5. Bg5 h6 6. Bf4 g5 7. Be3 Ng4 8. Be2 Nxe3 9. fxe3 c5 10. h4 e6 11. Bh5 Nd7 12. Nf3 Nf6 13. hxg5 hxg5 14. Nxg5 Nxh5 15. Rxh5 cxd4 16. Rxh8+ Bxh8 17. Qh5 Qf6 18. Nb5 dxe3 19. Qxf7+ Qxf7 20. Nxd6+ Ke7 21. Ngxf7 Bxb2 22. Rb1 Bc3+ 23. Ke2 b6 24. Kxe3 Ba6 25. Rc1 Bb4 26. e5 Rg8 27. Rc2 Rf8 28. Ng5 Bxd6 29. exd6+ Kxd6 30. Rd2+ Ke7 31. Rd4 Rf5 32. Ne4 Ra5 33. Nc3 Rc5 34. Kd3 Rg5 35. g4 Ra5 36. a4 Bb7 37. Kc2 Rg5 38. Kb3 e5 39. Rd2 Rxg4 40. Rb2 Rg7 41. Nb5 a6 42. Nc3 Kd7 1/2-1/2

[Event "Voronezh Rating op 03-B"]
[Site "Voronezh"]
[Date "2014.03.22"]
[Round "2"]
[White "Bocharov, Oleg"]
[Black "Smirnov, Vyacheslav"]
[Result "1-0"]
[WhiteElo "1923"]
[BlackElo "1567"]
[PlyCount "61"]
[EventDate "2014.03.20"]
[EventType "swiss"]
[EventRounds "9"]
[EventCountry "RUS"]
[SourceTitle "EXT 2015"]
[Source "ChessBase"]
[SourceDate "2014.11.20"]
[SourceVersion "1"]
[SourceVersionDate "2014.11.20"]
[SourceQuality "1"]

1. d4 Nf6 2. c4 c6 3. Nc3 d5 4. e3 e6 5. Nf3 Nbd7 6. Bd3 Be7 7. 0-0 a6 8. a4 0-0 9. Qc2 dxc4 10. Bxc4 Nd5 11. e4 Nxc3 12. bxc3 Re8 13. Bf4 Nf8 14. Rfd1 Bd7 15. a5 Ng6 16. Be3 Qc8 17. h3 Bd8 18. Qb3 Qb8 19. Rab1 Bc8 20. d5 exd5 21. exd5 Ne5 22. Nxe5 Qxe5 23. dxc6 Re7 24. Bd4 Qe4 25. Bd5 Qg6 26. cxb7 Bxb7 27. Bxb7 Rb8 28. Re1 Qd6 29. Qd5 Rxe1+ 30. Rxe1 Qf8 31. Bc5 1-0

[Event "Voronezh-ch"]
[Site "Voronezh"]
[Date "2013.10.26"]
[Round "8"]
[White "Bocharov, Oleg"]
[Black "Soboleva, Anastasia"]
[Result "1/2-1/2"]
[WhiteElo "1917"]
[BlackElo "1993"]
[PlyCount "134"]
[EventDate "2013.10.18"]
[EventType "swiss"]
[EventRounds "9"]
[EventCountry "RUS"]
[SourceTitle "EXT 2014"]
[Source "ChessBase"]
[SourceDate "2013.11.20"]
[SourceVersion "1"]
[SourceVersionDate "2013.11.20"]
[SourceQuality "1"]

1. d4 Nf6 2. c4 e6 3. a3 b6 4. Nc3 Bb7 5. Bg5 Be7 6. Nf3 0-0 7. Rc1 d5 8. e3 Nbd7 9. cxd5 Nxd5 10. Bxe7 Nxe7 11. Bd3 Rc8 12. 0-0 Nf6 13. Qe2 Ned5 14. Rfd1 Re8 15. Ne4 h6 16. Ne5 Nxe4 17. Bxe4 Qg5 18. f4 Qh4 19. g3 Qf6 20. Bb1 c6 21. Qd3 g6 22. e4 Ne7 23. Ba2 Red8 24. Ng4 Qg7 25. e5 Nf5 26. Nf6+ Kh8 27. Qe4 Ba8 28. Rd2 h5 29. Kf2 Nd6 30. Qe2 Nf5 31. Rcd1 Qf8 32. Bb1 Ne7 33. Be4 Qh6 34. Qf3 Qg7 35. h3 Ng8 36. Nxg8 Kxg8 37. Rc2 Rc7 38. b4 Rdc8 39. Rdc1 Rd8 40. Qe3 Rcd7 41. Rd2 Rc7 42. Qd3 Qf8 43. Rcd1 Qe7 44. Qf3 Bb7 45. g4 hxg4 46. hxg4 Kg7 47. f5 Qh4+ 48. Ke3 Qg5+ 49. Qf4 Qxf4+ 50. Kxf4 exf5 51. gxf5 gxf5 52. Rg1+ Kf8 53. Kxf5 Ke7 54. Rg7 Bc8+ 55. Kg5 Be6 56. Bf5 Rcd7 57. Bxe6 Kxe6 58. Rc2 Rxd4 59. Rxc6+ Kxe5 60. Rxf7 Rg8+ 61. Rg6 Rxg6+ 62. Kxg6 Rg4+ 63. Kh5 Rg3 64. Rxa7 Kd5 65. a4 Kc4 66. Rb7 Kxb4 67. Rxb6+ Kxa4 1/2-1/2

[Event "Voronezh-ch"]
[Site "Voronezh"]
[Date "2013.10.24"]
[Round "6"]
[White "Bocharov, Oleg"]
[Black "Leun, Victor"]
[Result "1-0"]
[WhiteElo "1917"]
[BlackElo "1919"]
[PlyCount "75"]
[EventDate "2013.10.18"]
[EventType "swiss"]
[EventRounds "9"]
[EventCountry "RUS"]
[SourceTitle "EXT 2014"]
[Source "ChessBase"]
[SourceDate "2013.11.20"]
[SourceVersion "1"]
[SourceVersionDate "2013.11.20"]
[SourceQuality "1"]

1. d4 Nf6 2. c4 e5 3. dxe5 Ne4 4. Nd2 Nc5 5. Ngf3 d6 6. exd6 Bxd6 7. g3 0-0 8. Bg2 Nc6 9. 0-0 Re8 10. a3 Bg4 11. b4 Ne4 12. Bb2 Qe7 13. c5 Nxd2 14. cxd6 Qxe2 15. Nxd2 Qxd1 16. Raxd1 Bxd1 17. Rxd1 cxd6 18. Ne4 Rad8 19. f4 d5 20. Nc5 Re2 21. Nd3 d4 22. Bf3 Rc2 23. Bc1 f6 24. Rd2 Rxd2 25. Bxd2 Kf7 26. b5 Ne7 27. Bxb7 Nd5 28. Ba5 Rd6 29. Nc5 Nc3 30. Bc7 Nxb5 31. Bxd6 Nxd6 32. Bd5+ Ke7 33. a4 Nf5 34. Be4 g6 35. Bxf5 gxf5 36. Nb3 d3 37. Kf2 Kd6 38. Ke3 1-0

[Event "Voronezh-ch"]
[Site "Voronezh"]
[Date "2013.10.23"]
[Round "5"]
[White "Malin, Alexey"]
[Black "Bocharov, Oleg"]
[Result "1-0"]
[WhiteElo "1844"]
[BlackElo "1917"]
[PlyCount "55"]
[EventDate "2013.10.18"]
[EventType "swiss"]
[EventRounds "9"]
[EventCountry "RUS"]
[SourceTitle "EXT 2014"]
[Source "ChessBase"]
[SourceDate "2013.11.20"]
[SourceVersion "1"]
[SourceVersionDate "2013.11.20"]
[SourceQuality "1"]

1. e4 c5 2. c3 g6 3. d4 cxd4 4. cxd4 Bg7 5. Nc3 e6 6. Nf3 Ne7 7. Bg5 f6 8. Bf4 a6 9. Rc1 Nbc6 10. d5 exd5 11. exd5 Ne5 12. d6 Nf5 13. Nd5 0-0 14. Nxf6+ Bxf6 15. Bxe5 Qa5+ 16. Bc3 Re8+ 17. Be2 Bxc3+ 18. Rxc3 Qb5 19. Rc2 Qb4+ 20. Rd2 b5 21. 0-0 Bb7 22. Re1 Re6 23. a3 Qc5 24. b4 Qc6 25. Bf1 Rae8 26. Qb3 Nxd6 27. Nd4 Nc4 28. Rxe6 1-0

[Event "Voronezh Winter op"]
[Site "Voronezh"]
[Date "2013.01.17"]
[Round "2"]
[White "Lazarev, Alexandr"]
[Black "Bocharov, Oleg"]
[Result "1-0"]
[WhiteElo "1896"]
[BlackElo "1897"]
[PlyCount "99"]
[EventDate "2013.01.15"]
[EventType "swiss"]
[EventRounds "9"]
[EventCountry "RUS"]
[SourceTitle "EXT 2014"]
[Source "ChessBase"]
[SourceDate "2013.11.20"]
[SourceVersion "1"]
[SourceVersionDate "2013.11.20"]
[SourceQuality "1"]

1. e4 c5 2. Nf3 Nc6 3. d4 cxd4 4. Nxd4 d6 5. Bc4 e6 6. 0-0 Nf6 7. Nc3 a6 8. a4 Qc7 9. Nb3 Ne5 10. Be2 h5 11. Kh1 Bd7 12. f4 Neg4 13. h3 Qb6 14. Qd4 Qxd4 15. Nxd4 Nh6 16. e5 Nd5 17. Nxd5 exd5 18. Bf3 dxe5 19. fxe5 Bc5 20. Nb3 Bb6 21. a5 Ba7 22. Bxd5 Nf5 23. Rf3 0-0-0 24. Bf4 Be6 25. Rc3+ Kb8 26. Be4 g6 27. Nc5 Bxc5 28. Rxc5 Rd4 29. Re1 Rhd8 30. Kh2 Rg8 31. Bg5 Rc8 32. Rxc8+ Kxc8 33. b3 Kc7 34. g4 hxg4 35. hxg4 Ng7 36. Kg3 Ne8 37. c3 Rd7 38. b4 Kc8 39. Rh1 Rc7 40. Rh8 Rxc3+ 41. Kf2 Kd7 42. Bxb7 Rb3 43. Bxa6 Rxb4 44. Be2 Bxg4 45. Rh4 Ke6 46. Rxg4 Rxg4 47. Bxg4+ Kxe5 48. a6 f5 49. Bf3 Nc7 50. a7 1-0

[Event "Voronezh-ch"]
[Site "Voronezh"]
[Date "2012.10.19"]
[Round "1"]
[White "Terentiev, Vitaly G"]
[Black "Bocharov, Oleg"]
[Result "1-0"]
[WhiteElo "2250"]
[BlackElo "1897"]
[PlyCount "91"]
[EventDate "2012.10.19"]
[EventType "swiss"]
[EventRounds "9"]
[EventCountry "RUS"]
[SourceTitle "EXT 2013"]
[Source "ChessBase"]
[SourceDate "2012.11.22"]
[SourceVersion "1"]
[SourceVersionDate "2012.11.22"]
[SourceQuality "1"]

1. Nf3 Nf6 2. g3 d5 3. Bg2 g6 4. c4 c6 5. b3 Bg7 6. Bb2 0-0 7. 0-0 Bg4 8. h3 Bf5 9. d3 Na6 10. Nbd2 Qd7 11. Kh2 Rad8 12. a3 h6 13. Nd4 e5 14. Nxf5 Qxf5 15. Qc2 Rfe8 16. b4 dxc4 17. Qxc4 Qe6 18. Rac1 Nc7 19. Nb3 Qe7 20. Na5 Ncd5 21. Rc2 Rd7 22. b5 cxb5 23. Qxb5 a6 24. Qb3 e4 25. Nc4 exd3 26. exd3 Rc7 27. Ne5 Rxc2 28. Qxc2 Qe6 29. Qb3 Qd6 30. Nxg6 b5 31. Nh4 Qe6 32. Nf3 Qd7 33. Ne5 Qd6 34. Nxf7 Qe6 35. Ne5 Rd8 36. Nf3 h5 37. Re1 Qd7 38. Re5 Kh8 39. Rg5 Qa7 40. Qc2 Qe7 41. Ne5 Kh7 42. Nc6 Qc7 43. Bxd5 Rxd5 44. Bxf6 Rxg5 45. Bxg5 Kh8 46. d4 1-0

[Event "Voronezh op-B 14th"]
[Site "Voronezh"]
[Date "2010.06.14"]
[Round "3"]
[White "Filippov, Vladimir Mikhailovi"]
[Black "Bocharov, Oleg"]
[Result "1-0"]
[WhiteElo "2085"]
[BlackElo "1924"]
[PlyCount "117"]
[EventDate "2010.06.12"]
[EventType "swiss"]
[EventRounds "9"]
[EventCountry "RUS"]
[SourceTitle "CBM 137 Extra"]
[Source "ChessBase"]
[SourceDate "2010.09.01"]
[SourceVersion "1"]
[SourceVersionDate "2010.09.01"]
[SourceQuality "1"]

1. d4 d5 2. Nf3 Nf6 3. e3 g6 4. Bd3 Bg7 5. 0-0 0-0 6. Nbd2 Nc6 7. c3 Qd6 8. e4 Nxe4 9. Nxe4 dxe4 10. Bxe4 Rb8 11. Qe2 Bg4 12. h3 Bxf3 13. Qxf3 e5 14. Bxc6 bxc6 15. dxe5 Qxe5 16. Rb1 Qd5 17. Qxd5 cxd5 18. Be3 Rfe8 19. Rfd1 c6 20. Kf1 Rb7 21. Bc5 Reb8 22. Bd6 Rd8 23. Ba3 Rdb8 24. Rbc1 a5 25. Rc2 Bf8 26. Bxf8 Kxf8 27. b3 Ke7 28. c4 Kd6 29. cxd5 cxd5 30. Rcd2 Rb5 31. Rd4 Rc8 32. R1d2 Rcc5 33. Ke2 Rb4 34. Ke3 Rc3+ 35. Kf4 Rxd4+ 36. Rxd4 Rc2 37. Ra4 Rc5 38. g4 Rb5 39. Ke3 g5 40. f4 gxf4+ 41. Rxf4 Ke6 42. Rf5 f6 43. Rf2 Rb4 44. Kd3 h5 45. Re2+ Kd6 46. Rg2 Rf4 47. Rg3 hxg4 48. hxg4 Rf2 49. a3 Ra2 50. Kc3 Ke5 51. g5 fxg5 52. Rxg5+ Ke4 53. Rg4+ Ke5 54. Ra4 d4+ 55. Kd3 Rb2 56. Rxa5+ Kd6 57. b4 Kc6 58. Kxd4 Kb6 59. Kc4 1-0

[Event "Voronezh-ch sf op"]
[Site "Voronezh"]
[Date "2010.02.10"]
[Round "1.1"]
[White "Provkin, Vladimir"]
[Black "Bocharov, Oleg"]
[Result "0-1"]
[WhiteElo "2217"]
[BlackElo "1939"]
[PlyCount "56"]
[EventDate "2010.02.10"]
[EventType "swiss"]
[EventRounds "9"]
[EventCountry "RUS"]
[SourceTitle "EXT 2022"]
[Source "ChessBase"]
[SourceDate "2021.10.06"]
[SourceVersion "1"]
[SourceVersionDate "2021.10.06"]
[SourceQuality "1"]

1. d4 d5 2. Bg5 Nd7 3. c4 c6 4. cxd5 cxd5 5. Nc3 Ngf6 6. Nf3 e6 7. e3 Be7 8. Bd3 h6 9. Bh4 a6 10. a4 b6 11. 0-0 Bb7 12. Nd2 e5 13. dxe5 Nxe5 14. Be2 d4 15. exd4 Qxd4 16. Bxf6 gxf6 17. Nde4 0-0-0 18. Qc2 Kb8 19. Rfd1 Qb4 20. Rac1 Rxd1+ 21. Rxd1 Rc8 22. Ng3 Bc5 23. Qd2 Qh4 24. Rf1 Rg8 25. Qc2 Rxg3 26. hxg3 Qxg3 27. Ne4 Qg6 28. Bd3 Nf3+ 0-1

[Event "Voronezh op-B"]
[Site "Voronezh"]
[Date "2004.06.20"]
[Round "9"]
[White "Bocharov, Oleg"]
[Black "Galdin, Vladimir"]
[Result "0-1"]
[WhiteElo "1955"]
[BlackElo "2148"]
[PlyCount "54"]
[EventDate "2004.06.12"]
[EventType "swiss"]
[EventRounds "9"]
[EventCountry "RUS"]
[SourceTitle "EXT 2005"]
[Source "ChessBase"]
[SourceDate "2004.11.15"]
[SourceVersion "1"]
[SourceVersionDate "2004.11.15"]
[SourceQuality "1"]

1. d4 Nf6 2. Nd2 g6 3. g3 Bg7 4. Bg2 d6 5. e3 0-0 6. Ne2 Nbd7 7. 0-0 c6 8. c3 Qc7 9. h3 Rb8 10. f4 b5 11. Nf3 c5 12. a3 Bb7 13. Nh4 Bxg2 14. Nxg2 Ne4 15. Bd2 e5 16. Be1 Qb6 17. Kh2 Rb7 18. f5 a5 19. Qc2 Qc6 20. fxg6 hxg6 21. Rc1 Rc8 22. Qd3 Ndf6 23. Nh4 Bh6 24. Rd1 c4 25. d5 cxd3 26. dxc6 dxe2 27. cxb7 Rb8 0-1